000 00705cab a2200217 4500
001 X3116
008 090401t1995 xxu||||| |||| 00| 0 eng d
035 _a(Sirsi) u28524
041 _aeng
110 _aConstruction Industry Council
_92417
245 _aWhole industry research strategy launched
260 _c1995
350 _a0
490 _aCSM (Chartered Surveyor Monthly)
_v5(3) November/December 1995, 35(1)
520 _aLooks at a strategy aimed at determining areas of research in order to benefit the construction industry.
650 _aCONSTRUCTION RESEARCH AND INNOVATION STRATEGY PANEL
650 _aRESEARCH
690 _aBUILT ENVIRONMENT
942 _n0
948 _c04/03/1997
999 _c19187
_d19187